LEADER 01260nam a2200277 a 4500 001 000000122156 003 CaOOAMICUS 005 20100608120907.0 008 100608t2010 vc fo u000 u ita r 020 $a978-88-465-0698-6 040 $aPUL$bita$dReb 082 04$a270.809 100 1 $aEmanuele, Emmanuele Francesco Maria.$0(OLS)http://pul/name/53312 245 13$aLe nostre forze al tuo servizio /$cEmmanuele Francesco Maria Emanuele, Giovanni Ialongo. 260 $aCittą del Vaticano :$bLateran University Press,$c©2010. 300 $a69 p., 5 c. di tav. :$bfotogr. ;$c21 cm. 490 1 $aTestimonianze ;$v03 700 1 $aIalongo, Giovanni.$0(OLS)http://pul/name/76598 830 0$aTestimonianze (Lateran University Press) ;$v03.$0(OLS)http://pul/title/142567 850 $aPUL 852 $aPUL$W1$xSL Religione 3$y85$m270. 809 COLL 1.3$j140188$qDDC 21$B139375$CPULBib$Z2$F139375 $H113925 $82 941 1 $a9 996 $6020$a978-88-465-0698-6$9(OLS)http://pul/number/144493 996 $6082$a270.809$9(OLS)http://pul/classification/589 996 $6245$aLe nostre forze al tuo servizio$9(OLS)http://pul/title/153712 996 $6260$aCittą del Vaticano :$bLateran University Press$9(OLS)http://pul/publisher/74585 LEADER 01452nam a2200277 a 4500 001 000000162133 003 CaOOAMICUS 005 20170720104922.0 008 170720s1987 it m 001 u eng r 032 $aLibriCat 040 $aPUL$bita 100 1 $aO'Brien, John.$0(OLS)http://pul/name/103961 245 14$aThe hermeneutical privilege of the poor :$bthe option for the poor as a hermeneutical perspective according to some contemporary catholic theologians /$cauctore John O'Brien. 260 $aRoma :$bPontificia Universitą Gregoriana,$c1987. 300 $a79 p. ;$c24 cm. 502 $aEstratto da tesi -- Pontificia Universitas Gregoriana. Facultas theologiae. 1987. 504 $aBibliografia in nota. 650 4$aPovertą$xStudi.$0(OLS)http://pul/subject/9432 650 4$aErmeneutica biblica.$0(OLS)http://pul/subject/33239 710 2 $aPontificia Universitą Gregoriana.$bFacoltą di teologia.$kTesi.$0(OLS)http://pul/name/81592 850 $aPUL 852 $aPUL$W1$xDP1 Tesi Pon. Univ. Gregoriana$y40$mTH PUG 3462$j186118$qTesi$B189339$CPULBib$Z2$F189339 $H60001 $82 941 1 $a16 996 $6245$aThe hermeneutical privilege of the poor :$bthe option for the poor as a hermeneutical perspective according to some contemporary catholic theologians$9(OLS)http://pul/title/201896 996 $6260$aRoma :$bPontificia Universitą Gregoriana$9(OLS)http://pul/publisher/47853